|
|
|
|
| LEADER |
00000naa2a2200000 4500 |
| 001 |
89364 |
| 005 |
20231031103020.0 |
| 035 |
|
|
|a (RuTPU)RU\TPU\book\95872
|
| 090 |
|
|
|a 89364
|
| 100 |
|
|
|a 20060120d2002 k y0rusy50 ca
|
| 101 |
0 |
|
|a rus
|
| 102 |
|
|
|a RU
|
| 200 |
1 |
|
|a Туристические клубы - эффективная форма решения социальных вопросов и воспитания разносторонней, творчески активной и социально устойчивой молодёжи
|f Д. В. Скутин
|
| 463 |
|
0 |
|0 (RuTPU)RU\TPU\book\48102
|t Воспитание в условиях вузовского социума
|o Материалы III региональной межвузовской научно-практической конференции, 2-3 декабря 2002, г. Томск
|f Томский политехнический университет
|v С. 34-36.
|d 2002
|p 284 с.
|
| 610 |
1 |
|
|a туристические клубы
|
| 610 |
1 |
|
|a клубы
|
| 610 |
1 |
|
|a молодёжь
|
| 610 |
1 |
|
|a воспитание
|
| 610 |
1 |
|
|a активность
|
| 610 |
1 |
|
|a личность
|
| 610 |
1 |
|
|a творческая активность
|
| 610 |
1 |
|
|a труды учёных ТПУ
|
| 700 |
|
1 |
|a Скутин
|b Д. В.
|
| 801 |
|
1 |
|a RU
|b 63413507
|c 20060120
|g PSBO
|
| 942 |
|
|
|c BK
|